Statistiques concernant Paroles : Midnight Memories - One Direction

Cliquez ici pour prendre le quiz!

Statistiques générales

  • Ce quiz a été pris 33 fois
    (32 depuis la dernière actualisation)
  • Le résultat moyen est 184 sur 270

Statistiques - réponses

Réponse% Correct
a
96%
do
96%
me
96%
memories
96%
Midnight
96%
Don't
92%
don't
92%
I
92%
You
92%
you
92%
and
88%
just
88%
Just
88%
to
88%
we
88%
all
83%
Baby
83%
baby
83%
never
83%
no
83%
Oh
83%
oh
83%
for
79%
For
79%
know
79%
the
79%
care
75%
friends
75%
go
75%
in
75%
it
75%
hotel
71%
new
71%
our
71%
Tell
71%
tell
71%
but
67%
how
67%
is
67%
much
67%
night
67%
singing
67%
Singing
67%
street
67%
what
67%
when
67%
where
67%
could
63%
kitchen
63%
spend
63%
this
63%
Way
63%
way
63%
down
58%
my
58%
People
58%
people
58%
tonight
58%
touch
58%
let's
54%
many
54%
plane
54%
pretend
54%
say
54%
too
54%
listen
50%
so
50%
Straight
50%
talk
50%
day
46%
different
46%
follow
46%
I'm
46%
making
46%
more
46%
with
46%
Addison
42%
back
42%
give
42%
jeans
42%
look
42%
nothing's
42%
oh oh
42%
Oh oh
42%
party
42%
sense
42%
skinny
42%
that
42%
wanna
42%
finding
38%
going
38%
need
38%
Now
38%
off
38%
Stumbling
38%
wrong
38%
Anywhere
33%
big
33%
house
33%
old
33%
Same
33%
stop
33%
age
29%
at
29%
Lee
29%
please
29%
Five
25%
foot
25%
something
25%
Ah
21%
crowed
13%

Distribution des résultats

Percentile par nombre de réponses

% des personnes avec chaque résultat

Votre développement - résultats

Vous n’avez pas pris ce quiz depuis la dernière actualisation